000 00485nam#a22002055ar4500
001 461
008 061117s1976####ag#####g######000#j#spa#d
245 1 0 _aAguafuertes Porteñas /
_cRoberto Arlt.
250 _a1ª ed.
260 _aBuenos Aires :
_bLosada,
_c[ca. 1999].
300 _a91 p. ;
_c18 cm.
100 1 _aArlt, Roberto.
080 _a82-341
084 _aA73
653 _aNovela
040 _aAR-ClEAG
_cAR-ClEAG
005 20241107184636.0
003 AR-ClEAG
942 _cBK
999 _c461
_d461
980 _62
_aEvangelina Gallicchio
_82
_gEvangelina Gallicchio